000 00902nam a2200241 a 4500
999 _c58972
_d58972
001 58972
003 Mx-PuUPA
005 20190617090908.0
008 140415s2010 mx 000 0 spa d
020 _a9684371632
040 _cMx-PuUPA
041 _aspa
082 _a242.74
_bRAM
100 1 _aRAMIREZ C.
245 1 3 _aEL ROSARIO EUCARISTICO
250 _a1a ed.
260 _aMEXICO :
_bPAULINAS,
_c2010
300 _a126
_c10.5 x 0.5 x 16.5
490 _aTU PALABRA
520 _aESTE ROSARIO EUCARÍSTICO ESTÁ PENSADO PARA REZARSE FRENTE AL SAGRARIO, ES DECIR, EN UNA VISITA AL SANTÍSIMO. LA PRESENTE VERSIÓN INCLUYE, ADEMÁS DE LA CLÁSICA LETANÍA LAUTERANA, UNA NOVEDOSA LISTA DE FLORES MARÍA QUE AYUDARÁ A MANTENER PRESENTE EL RECUERDO DE LA VIDA DE JESÚS MEDITADA EN EL ROSARIO.
650 1 4 _aVIRGEN MARIA
_xDEVOCIONARIOS
_xROSARIO
_xVIRGEN MARIA
_xORACIONES
942 _2ddc
_cLI